Como puede y debe hacerse la lucha antivenerea en nuestro ejército / (Record no. 30088)

MARC details
000 -LEADER
campo de control de longitud fija 00465nam a2200157 i 4500
001 - NÚMERO DE CONTROL
campo de control 30088
003 - IDENTIFICADOR DE NÚMERO DE CONTROL
campo de control ES-MaACL
005 - FECHA Y HORA DE LA ÚLTIMA TRANSACCIÓN
campo de control 20230906154133.0
007 - CAMPO FIJO DE DESCRIPCIÓN FÍSICA--INFORMACIÓN GENERAL
campo de control de longitud fija t|
008 - DATOS DE LONGITUD FIJA--INFORMACIÓN GENERAL
campo de control de longitud fija 030123s1933 sp ||||1| spa d
100 1# - ENTRADA PRINCIPAL--NOMBRE DE PERSONA
Nombre de persona Barrio de Medina, José.
9 (RLIN) 26003
245 10 - MENCIÓN DEL TÍTULO
Título Como puede y debe hacerse la lucha antivenerea en nuestro ejército /
Mención de responsabilidad, etc. por José Barrio de Medina.
260 ## - PUBLICACIÓN, DISTRIBUCIÓN, ETC.
Lugar de publicación, distribución, etc. Valencia :
Nombre del editor, distribuidor, etc. [s.n.,
Fecha de publicación, distribución, etc. 1933]
300 ## - DESCRIPCIÓN FÍSICA
Extensión 7 h. ;
Dimensiones 24 cm.
852 ## - LOCALIZACIÓN
Ubicación ES-MaACL
Número de control de estantería 1783-F-1
Holdings
Estatus retirado Estado de pérdida Estado de daño No para préstamo Colección Biblioteca de origen Biblioteca actual Ubicación en estantería Fecha de adquisición Fuente de adquisición Total de préstamos Signatura topográfica completa Código de barras Visto por última vez Precio de reemplazo Tipo de ítem Koha
        Colección de folletos Biblioteca del Ateneo de Madrid Biblioteca del Ateneo de Madrid Depósito folletos 17/01/2008     1783-F-1 1031063 23/02/2023 23/02/2023 Folleto